000
00335pab a2200145 454500
008
180718b1989 xxu||||| |||| 00| 0 eng d
100
_a
Bajaj, K.K.
245
_a
Education for women's equality
260
_c
1989
300
_a
7-9
362
_a
13 Nov.
650
_a
Women - Education
773
_a
University News
909
_a
21217
999
_c
21217
_d
21217